000 00382nam a2200157Ia 4500
008 241014s9999||||xx |||||||||||||| ||und||
020 _a978-0849340246
060 _aQV 736 K 2008
100 _aTony Kennedy
245 0 _aPharmaceutical Project Management.
250 _a2nd
260 _bInforma Healthcare
_c2008
300 _a248
650 _aPharmacology
942 _bDIMC
_cBK
999 _c8080
_d8080